[Event "IECG CB.2005.0.00140 email"]
[Site "IECG email"]
[Date "2005.07.19"]
[Round "?"]
[White "Nichols, Anthony"]
[Black "Dautovic, Dzenan"]
[Result "0-1"]
[WhiteElo "1850"]
[BlackElo "1900"]
[PlyCount "48"]
[EventDate "2005.07.19"]
[EventType "tourn (corr)"]
[EventRounds "6"]
[SourceTitle "Corr 2008"]
[Source "ChessBase"]
[SourceDate "2008.06.24"]
[SourceVersion "1"]
[SourceVersionDate "2008.06.24"]
[SourceQuality "1"]

1. d4 d5 2. c4 e6 3. Nc3 c5 4. cxd5 exd5 5. Nf3 Nc6 6. g3 Nf6 7. Bg2 Be7 8. 0-0 0-0 9. Bg5 c4 10. Ne5 Be6 11. Bxf6 Bxf6 12. f4 Qb6 13. e3 Bxe5 14. fxe5 Qxb2 15. Nxd5 Rad8 16. Nc7 Nb4 17. Rb1 Qc3 18. Qe2 Nc2 19. d5 Nxe3 20. Rf3 Nxd5 21. Nxe6 fxe6 22. Rxc3 Nxc3 23. Qc2 Nxb1 24. Qxb1 Rd2 0-1

[Event "Lansing op"]
[Site "Lansing"]
[Date "2002.09.02"]
[Round "6"]
[White "Garrison, Ray"]
[Black "Nichols, Anthony"]
[Result "0-1"]
[WhiteElo "1882"]
[BlackElo "1801"]
[PlyCount "126"]
[EventDate "2002.08.30"]
[EventType "swiss"]
[EventRounds "7"]
[EventCountry "USA"]
[SourceTitle "EXT 2007"]
[Source "ChessBase"]
[SourceDate "2006.11.23"]
[SourceVersion "1"]
[SourceVersionDate "2006.11.23"]
[SourceQuality "1"]

1. b3 e5 2. Bb2 Nc6 3. e3 Nf6 4. Nf3 d6 5. d4 e4 6. Nfd2 Bg4 7. Be2 Bxe2 8. Qxe2 d5 9. c4 Nb4 10. Kd1 Nd3 11. Kc2 c6 12. f3 Qa5 13. Bc3 Bb4 14. fxe4 Bxc3 15. Nxc3 dxe4 16. Ncxe4 Nb4+ 17. Kb2 Nxe4 18. Nxe4 0-0-0 19. a3 Na6 20. Rhf1 f5 21. Ng5 Rhe8 22. b4 Qb6 23. Qf3 g6 24. Kc2 Qc7 25. Rad1 Qe7 26. h4 h6 27. Nh3 Qxh4 28. Nf4 g5 29. Nd3 Qe4 30. Qxe4 Rxe4 31. Rxf5 Rxe3 32. Kc3 Nc7 33. Re1 Rxe1 34. Nxe1 Re8 35. Nd3 Ne6 36. Rf6 Nf4 37. Ne5 Nxg2 38. Rxh6 Nh4 39. Kd2 Nf5 40. Rg6 Nxd4 41. Nf7 Nf3+ 42. Kc3 Re3+ 43. Kb2 Ne5 44. Rg8+ Kd7 45. Nxg5 Nxc4+ 46. Kc1 Re1+ 47. Kc2 Nxa3+ 48. Kd2 Re7 49. Nf3 Nc4+ 50. Kc1 Ne5 51. Ne1 Kc7 52. Kc2 Kb6 53. Rg5 Nc4 54. Nd3 Ne3+ 55. Kb3 Nd5 56. Ne5 Kc7 57. Rg4 b6 58. Nd3 Kb7 59. Rd4 Ka6 60. Rh4 Kb5 61. Rh5 Re3 62. Kc2 Ka4 63. Kd2 Rxd3+ 0-1